|
|
|
|
| LEADER |
00000nab a2200000 a 4500 |
| 001 |
vtls000088489 |
| 003 |
SK-MaSNL |
| 005 |
20260303210815.0 |
| 008 |
140301c1981 xo 0 slo |
| 015 |
|
|
|a SNBRB19rr/mm-uuuuu
|
| 035 |
|
|
|a CL0098592
|
| 040 |
|
|
|a SNKBUCL
|b slo
|c SNKBUCL
|e AACR2
|
| 041 |
0 |
|
|a slo
|
| 044 |
|
|
|a xo
|c SK
|
| 080 |
|
|
|a 725
|2 1981
|
| 100 |
1 |
|
|a Rajchl, Jaroslav,
|d 1926-
|4 aut
|9 38109
|
| 245 |
1 |
0 |
|a Prísna účelovosť nemusí architekta "zväzovať"
|c Jaroslav Rajchl
|
| 650 |
0 |
7 |
|a nemocnice
|2 snkbucl
|9 3008
|
| 650 |
0 |
7 |
|a Nemocnica s poliklinikou akademika L. Dérera (Bratislava, Slovensko)
|2 snkbucl
|9 1242983
|
| 655 |
|
7 |
|a články z novín a časopisov
|2 snkbucl
|9 267496
|
| 773 |
0 |
|
|t Projekt
|g Roč. 23, č. 4 (1981), s. 9
|
| 850 |
|
|
|a Slovenská národná knižnica v Martine
|a MTA001
|
| 852 |
|
|
|a SNK
|b KIS3GCP
|
| 957 |
|
|
|a 5100
|
| 958 |
|
|
|a RK
|
| 992 |
|
|
|a RBX
|
| 999 |
|
|
|c 2201847
|d 2203777
|